<?xml version="1.0" encoding="UTF-8"?>
<record
    xmlns:xsi="http://www.w3.org/2001/XMLSchema-instance"
    xsi:schemaLocation="http://www.loc.gov/MARC21/slim http://www.loc.gov/standards/marcxml/schema/MARC21slim.xsd"
    xmlns="http://www.loc.gov/MARC21/slim">

  <leader>00631nam a22001937a 4500</leader>
  <controlfield tag="005">20240530110335.0</controlfield>
  <controlfield tag="008">140907s2003    ua c   gr     000 0 ara d</controlfield>
  <datafield tag="017" ind1=" " ind2=" ">
    <subfield code="a">2003/3230</subfield>
  </datafield>
  <datafield tag="020" ind1=" " ind2=" ">
    <subfield code="a">9773053679</subfield>
  </datafield>
  <datafield tag="040" ind1=" " ind2=" ">
    <subfield code="a">EG-CaGPL</subfield>
  </datafield>
  <datafield tag="082" ind1="0" ind2="4">
    <subfield code="2">21</subfield>
    <subfield code="a">813.02</subfield>
    <subfield code="b">&#x637;/&#x623; &#x645;</subfield>
  </datafield>
  <datafield tag="100" ind1="0" ind2=" ">
    <subfield code="a">&#x627;&#x645;&#x644; &#x627;&#x644;&#x62C;&#x64A;&#x627;&#x631; </subfield>
    <subfield code="e">&#x645;&#x648;&#x644;&#x641; </subfield>
  </datafield>
  <datafield tag="245" ind1="1" ind2="0">
    <subfield code="a">&#x645;&#x63A;&#x627;&#x645;&#x631;&#x629; &#x62F;&#x64A;&#x62F;&#x649; &#x648;&#x633;&#x646;&#x648; :</subfield>
    <subfield code="b">&#x641;&#x64A; &#x627;&#x644;&#x645;&#x62A;&#x62D;&#x641; &#x627;&#x644;&#x645;&#x635;&#x631;&#x649; /</subfield>
    <subfield code="c">&#x627;&#x645;&#x644; &#x627;&#x644;&#x62C;&#x64A;&#x627;&#x631; </subfield>
  </datafield>
  <datafield tag="260" ind1=" " ind2=" ">
    <subfield code="b">&#x627;&#x644;&#x645;&#x62C;&#x644;&#x633; &#x627;&#x644;&#x627;&#x639;&#x644;&#x64A; &#x644;&#x644;&#x627;&#x62B;&#x627;&#x631; &#x60C;</subfield>
    <subfield code="a">&#x627;&#x644;&#x642;&#x627;&#x647;&#x631;&#x629; :</subfield>
    <subfield code="c">2003</subfield>
  </datafield>
  <datafield tag="300" ind1=" " ind2=" ">
    <subfield code="a">28 &#x635; &#x61B;</subfield>
    <subfield code="c">24 &#x633;&#x645; </subfield>
  </datafield>
  <datafield tag="650" ind1="0" ind2="7">
    <subfield code="2">&#x642;&#x635;&#x635; &#x627;&#x644;&#x627;&#x637;&#x641;&#x627;&#x644; </subfield>
  </datafield>
  <datafield tag="700" ind1="0" ind2=" ">
    <subfield code="a">&#x632;&#x627;&#x647;&#x64A; &#x62D;&#x648;&#x627;&#x633; </subfield>
    <subfield code="e">&#x645;&#x642;&#x62F;&#x645; </subfield>
  </datafield>
  <datafield tag="942" ind1=" " ind2=" ">
    <subfield code="2">ddc</subfield>
    <subfield code="c">BK</subfield>
  </datafield>
  <datafield tag="999" ind1=" " ind2=" ">
    <subfield code="c">59780</subfield>
    <subfield code="d">59780</subfield>
  </datafield>
  <datafield tag="952" ind1=" " ind2=" ">
    <subfield code="0">0</subfield>
    <subfield code="1">0</subfield>
    <subfield code="4">0</subfield>
    <subfield code="7">0</subfield>
    <subfield code="a">CAI</subfield>
    <subfield code="b">CAI</subfield>
    <subfield code="d">2014-09-07</subfield>
    <subfield code="l">0</subfield>
    <subfield code="o">813.02 &#x637;/ &#x627; &#x645;</subfield>
    <subfield code="p">158703</subfield>
    <subfield code="r">2014-09-07 00:00:00</subfield>
    <subfield code="w">2014-09-07</subfield>
    <subfield code="y">BK</subfield>
  </datafield>
</record>
